Simulation of beef cattle production systems and its use in economic analysis / (Record no. 5438)
[ view plain ]
| 000 -LEADER | |
|---|---|
| fixed length control field | 00961pam a2200289 a 4500 |
| 001 - CONTROL NUMBER | |
| JCCL Control Number | 5438 |
| 003 - CONTROL NUMBER IDENTIFIER | |
| JCCL marc code | BD-JhCC |
| 005 - DATE AND TIME OF LATEST TRANSACTION | |
| control field | 20171214131054.0 |
| 008 - FIXED-LENGTH DATA ELEMENTS--GENERAL INFORMATION | |
| fixed length control field | 860212s1986 cou b 001 0 eng |
| 020 ## - INTERNATIONAL STANDARD BOOK NUMBER | |
| International Standard Book Number | 0813371597 (pbk.) : |
| Terms of availability | $32.50 |
| 035 ## - SYSTEM CONTROL NUMBER | |
| system control number | (BD-JhCC)5438 |
| 040 ## - CATALOGING SOURCE | |
| Original cataloging agency | DLC |
| Transcribing agency | DLC |
| Modifying agency | DLC |
| 041 ## - LANGUAGE CODE | |
| Language code of Book | eng |
| 050 00 - LIBRARY OF CONGRESS CALL NUMBER | |
| Classification number | SF207 |
| Item number | .S387 1986 |
| 082 00 - DEWEY DECIMAL CLASSIFICATION NUMBER | |
| Classification number | 636.2/13 |
| DDC Edition number | 19 |
| Author mark and Year | THO 1986 |
| 245 00 - TITLE STATEMENT | |
| Title | Simulation of beef cattle production systems and its use in economic analysis / |
| Statement of responsibility, etc | edited by Thomas H. Spreen and David H. Laughlin. |
| 260 ## - PUBLICATION, DISTRIBUTION, ETC. (IMPRINT) | |
| Place of publication, distribution, etc | Boulder : |
| Name of publisher, distributor, etc | Westview Press, |
| Date of publication, distribution, etc | 1986. |
| 300 ## - PHYSICAL DESCRIPTION | |
| Pagination | xi, 269 p. ; |
| Dimensions | 23 cm. |
| 440 #0 - | |
| Title | Westview special studies in agriculture science and policy |
| 504 ## - BIBLIOGRAPHY, ETC. NOTE | |
| Bibliography, etc | Includes bibliographies and index. |
| 650 #0 - SUBJECT ADDED ENTRY--TOPICAL TERM | |
| Topical term or geographic name as entry element | Beef cattle |
| General subdivision | Simulation methods. |
| 650 #0 - SUBJECT ADDED ENTRY--TOPICAL TERM | |
| Topical term or geographic name as entry element | Beef cattle |
| General subdivision | Economic aspects |
| -- | Simulation methods. |
| 700 1# - ADDED ENTRY--PERSONAL NAME | |
| Personal name | Spreen, Thomas H. |
| 700 1# - ADDED ENTRY--PERSONAL NAME | |
| Personal name | Laughlin, David H. |
| 942 ## - ADDED ENTRY ELEMENTS (KOHA) | |
| Source of classification or shelving scheme | Dewey Decimal Classification |
| Koha item type | Books |
| Source of classification or shelving scheme | Damaged status | Not for loan | Home library | Current library | Shelving location | Date of accession | Total Checkouts | Full call number | Barcode | Date last seen | Copy number | Koha item type |
|---|---|---|---|---|---|---|---|---|---|---|---|---|
| Dewey Decimal Classification | JCC Rouf Library | JCC Rouf Library | General Stacks | 12/14/2017 | 636.2/13 THO 1986 | 7524 | 12/14/2017 | C-1 | Books |